000 00460nam a2200181Ia 4500
003 IN-BaIIA
008 211028s9999 xx 000 0 eng d
020 _a85274-187-1
040 _cIIA Library
080 _a535
_bHOR
100 _aHorne, D. F
_97238
245 0 _aOptical production technology
_cD. F. Horne
260 _aLondon
_bAdam Hilger
_c1972
300 _a567p.
650 _aAstronomy and astrophysics thesaurus
650 _aOptics
942 _cBK
999 _c4099
_d4099